[Event "Copenhagen K41 Sommer F"]
[Site "Copenhagen"]
[Date "2012.05.23"]
[Round "2"]
[White "Emborg, Jens"]
[Black "Christensen, Aage Niels"]
[Result "1-0"]
[WhiteElo "1481"]
[BlackElo "1581"]
[PlyCount "75"]
[EventDate "2012.05.17"]
[EventType "tourn"]
[EventRounds "5"]
[EventCountry "DEN"]
[SourceTitle "EXT 2023"]
[Source "ChessBase"]
[SourceDate "2022.10.05"]
[SourceVersion "1"]
[SourceVersionDate "2022.10.05"]
[SourceQuality "1"]

1. e4 e6 2. d4 d5 3. exd5 exd5 4. Nf3 Bd6 5. Bd3 Ne7 6. 0-0 0-0 7. Re1 g6 8. Na3 Bf5 9. Nb5 Bxd3 10. Qxd3 Bb4 11. c3 Ba5 12. Bf4 a6 13. Na3 Nd7 14. Nc2 c6 15. Re2 Nf5 16. Ne3 Nxe3 17. Rxe3 Re8 18. Rxe8+ Qxe8 19. Re1 Qf8 20. Ne5 Nxe5 21. Bxe5 Re8 22. Re2 Re6 23. Kf1 Qe8 24. Bf4 Bd8 25. Rxe6 Qxe6 26. Qg3 Bf6 27. Be5 Bxe5 28. Qxe5 Qxe5 29. dxe5 Kf8 30. Ke2 Ke7 31. f4 Ke6 32. g4 c5 33. Ke3 h6 34. c4 dxc4 35. Ke4 b6 36. f5+ Ke7 37. Kd5 gxf5 38. gxf5 1-0

[Event "Valby K41 Spring-D"]
[Site "Valby"]
[Date "2011.03.15"]
[Round "1"]
[White "Krogh, Soren"]
[Black "Christensen, Aage Niels"]
[Result "0-1"]
[WhiteElo "1265"]
[BlackElo "1511"]
[PlyCount "60"]
[EventDate "2011.03.15"]
[EventType "tourn"]
[EventRounds "7"]
[EventCountry "DEN"]
[SourceTitle "EXT 2023"]
[Source "ChessBase"]
[SourceDate "2022.10.05"]
[SourceVersion "1"]
[SourceVersionDate "2022.10.05"]
[SourceQuality "1"]

1. c4 Nf6 2. Nc3 d5 3. d4 c6 4. Nf3 e6 5. Bg5 Be7 6. e3 Nbd7 7. Bd3 dxc4 8. Bxc4 0-0 9. 0-0 Re8 10. Rc1 h6 11. Bh4 Nd5 12. Bg3 Nxc3 13. Rxc3 Bf6 14. Rd3 Qe7 15. e4 e5 16. d5 cxd5 17. Bxd5 Nb6 18. Bb3 Bg4 19. a4 Rad8 20. a5 Rxd3 21. Qxd3 Rd8 22. Qb5 Bd7 23. Qe2 Na4 24. Bd5 Qb4 25. Nxe5 Be6 26. Nc4 Qb5 27. Bxe6 fxe6 28. e5 Be7 29. f4 Rc8 30. Rc1 Nxb2 0-1

[Event "Valby K41 Aabent-ch 1011"]
[Site "Valby"]
[Date "2010.11.16"]
[Round "2"]
[White "Hojland, Ulrik"]
[Black "Christensen, Aage Niels"]
[Result "1-0"]
[WhiteElo "1813"]
[BlackElo "1461"]
[PlyCount "73"]
[EventDate "2010.11.03"]
[EventType "swiss"]
[EventRounds "10"]
[EventCountry "DEN"]
[SourceTitle "EXT 2023"]
[Source "ChessBase"]
[SourceDate "2022.10.05"]
[SourceVersion "1"]
[SourceVersionDate "2022.10.05"]
[SourceQuality "1"]

1. c4 Nf6 2. g3 c6 3. Bg2 d5 4. cxd5 cxd5 5. Nf3 Nc6 6. d4 Bf5 7. Nc3 e6 8. 0-0 h6 9. Re1 Be7 10. Qb3 0-0 11. Bf4 Na5 12. Qd1 Nc4 13. Qc1 Rc8 14. Nd2 Nxd2 15. Qxd2 Bb4 16. f3 a6 17. g4 Bh7 18. g5 Nh5 19. Be3 hxg5 20. Bxg5 f6 21. Bh4 g5 22. Bf2 Nf4 23. Bf1 Bf5 24. e4 dxe4 25. fxe4 Bg4 26. Be3 Nh3+ 27. Bxh3 Bxh3 28. Kh1 Qd7 29. Rg1 g4 30. Bh6 Rf7 31. Qe3 Bf8 32. Qxh3 Bxh6 33. Qxh6 Rg7 34. Qxf6 Rf8 35. Qe5 Qf7 36. Qg3 Qh5 37. Raf1 1-0

[Event "Valby K41 Autumn-C"]
[Site "Valby"]
[Date "2010.09.21"]
[Round "3"]
[White "Krogh, Soren"]
[Black "Christensen, Aage Niels"]
[Result "1/2-1/2"]
[WhiteElo "1330"]
[BlackElo "1531"]
[PlyCount "82"]
[EventDate "2010.09.07"]
[EventType "tourn"]
[EventRounds "7"]
[EventCountry "DEN"]
[SourceTitle "EXT 2023"]
[Source "ChessBase"]
[SourceDate "2022.10.05"]
[SourceVersion "1"]
[SourceVersionDate "2022.10.05"]
[SourceQuality "1"]

1. d4 Nf6 2. Bg5 Ne4 3. Bf4 d5 4. f3 Nd6 5. Nc3 c6 6. e4 e6 7. Nge2 b6 8. Nc1 Ba6 9. Bxa6 Nxa6 10. Qe2 Nc7 11. 0-0 Be7 12. a4 0-0 13. Rd1 Bg5 14. Bg3 Nc4 15. Ra2 Rc8 16. Nb3 a5 17. e5 Ne3 18. Rd3 Nf5 19. Bf2 Na6 20. Rd1 Nc7 21. Rf1 Bf4 22. Nd1 Qg5 23. c3 h5 24. Na1 h4 25. Nc2 Ng3 26. Bxg3 hxg3 27. h3 f5 28. b4 Kf7 29. bxa5 bxa5 30. Rb2 Rb8 31. Rxb8 Rxb8 32. c4 Rh8 33. cxd5 cxd5 34. Nc3 Rb8 35. Nb5 Nxb5 36. axb5 Bd2 37. Rb1 Rb6 38. Rd1 Bb4 39. Nxb4 axb4 40. Ra1 Qf4 41. Rd1 Qg5 1/2-1/2

[Event "Valby K41 Spring-C"]
[Site "Valby"]
[Date "2010.04.06"]
[Round "4"]
[White "Jorgensen, Orla Eilegaard"]
[Black "Christensen, Aage Niels"]
[Result "1-0"]
[WhiteElo "1543"]
[BlackElo "1479"]
[PlyCount "79"]
[EventDate "2010.03.09"]
[EventType "swiss"]
[EventRounds "7"]
[EventCountry "DEN"]
[SourceTitle "EXT 2023"]
[Source "ChessBase"]
[SourceDate "2022.10.05"]
[SourceVersion "1"]
[SourceVersionDate "2022.10.05"]
[SourceQuality "1"]

1. Nf3 f5 2. d4 Nf6 3. c4 e6 4. Nc3 b6 5. e3 Bb7 6. a3 Be7 7. b4 0-0 8. Bb2 a6 9. Be2 Qe8 10. 0-0 h6 11. Re1 d6 12. Rc1 Nbd7 13. h3 g5 14. Nh2 h5 15. Bf3 Bxf3 16. Nxf3 g4 17. hxg4 fxg4 18. Ng5 Bd8 19. Nge4 Nh7 20. Rf1 Ndf6 21. f3 Qg6 22. Nxf6+ Nxf6 23. d5 e5 24. f4 g3 25. fxe5 Qg5 26. exf6 Qh4 27. f7+ Rxf7 28. Rxf7 Qh2+ 29. Kf1 Kxf7 30. Qf3+ Ke7 31. Ne4 Ke8 32. Nxg3 Be7 33. Ke2 h4 34. Nf5 Kd7 35. Nxe7 Kxe7 36. Bf6+ Ke8 37. Qe4+ Kf7 38. Qe7+ Kg6 39. Qg7+ Kh5 40. Qg5# 1-0

[Event "Valby K41 op 0910"]
[Site "Valby"]
[Date "2010.03.02"]
[Round "9"]
[White "Christensen, Aage Niels"]
[Black "Jorgensen, Orla Eilegaard"]
[Result "0-1"]
[WhiteElo "1391"]
[BlackElo "1643"]
[PlyCount "50"]
[EventDate "2009.11.03"]
[EventType "swiss"]
[EventRounds "9"]
[EventCountry "DEN"]
[SourceTitle "EXT 2018"]
[Source "ChessBase"]
[SourceDate "2017.10.13"]
[SourceVersion "1"]
[SourceVersionDate "2017.10.13"]
[SourceQuality "1"]

1. e4 c6 2. d4 d5 3. Nc3 dxe4 4. Nxe4 Bf5 5. Ng3 Bg6 6. Nf3 Nd7 7. h4 h5 8. Bc4 Ngf6 9. Bg5 Ne4 10. Nxe4 Bxe4 11. Qe2 Bg6 12. Bf4 Nb6 13. Bb3 e6 14. Bxe6 fxe6 15. Qxe6+ Qe7 16. Ng5 Nd5 17. Qxe7+ Bxe7 18. Be5 0-0 19. c3 Bxg5 20. hxg5 Rf5 21. 0-0 Raf8 22. Rae1 Rxg5 23. Rd1 Nf4 24. Bxf4 Rxf4 25. c4 Be4 0-1

[Event "Valby K41 op 0910"]
[Site "Valby"]
[Date "2010.01.26"]
[Round "6"]
[White "Tandrup, Michael"]
[Black "Christensen, Aage Niels"]
[Result "1-0"]
[WhiteElo "1934"]
[BlackElo "1391"]
[PlyCount "55"]
[EventDate "2009.11.03"]
[EventType "swiss"]
[EventRounds "9"]
[EventCountry "DEN"]
[SourceTitle "EXT 2018"]
[Source "ChessBase"]
[SourceDate "2017.10.13"]
[SourceVersion "1"]
[SourceVersionDate "2017.10.13"]
[SourceQuality "1"]

1. d4 e6 2. Nf3 d5 3. e3 Nf6 4. b3 c5 5. Bb2 Nc6 6. Bd3 Bd6 7. 0-0 0-0 8. Nbd2 cxd4 9. exd4 Qc7 10. c4 b6 11. Rc1 Bb7 12. Re1 Qe7 13. cxd5 Nxd5 14. Nc4 Rfd8 15. Nxd6 Qxd6 16. Ng5 g6 17. Ne4 Qe7 18. Bc4 Rac8 19. Qd2 f6 20. Qh6 Qg7 21. Qh4 g5 22. Qg3 h5 23. h4 g4 24. Nd6 Rb8 25. Nxb7 Qxb7 26. Rxe6 Kg7 27. Bxd5 Rxd5 28. Rexc6 1-0

[Event "Valby K41 op 0910"]
[Site "Valby"]
[Date "2010.01.19"]
[Round "5"]
[White "Nielsen, Jorgen Holmstrom"]
[Black "Christensen, Aage Niels"]
[Result "0-1"]
[WhiteElo "1650"]
[BlackElo "1391"]
[PlyCount "80"]
[EventDate "2009.11.03"]
[EventType "swiss"]
[EventRounds "9"]
[EventCountry "DEN"]
[SourceTitle "EXT 2018"]
[Source "ChessBase"]
[SourceDate "2017.10.13"]
[SourceVersion "1"]
[SourceVersionDate "2017.10.13"]
[SourceQuality "1"]

1. Nc3 c5 2. Nf3 d5 3. e4 d4 4. Ne2 Nc6 5. Ng3 e6 6. Be2 Nge7 7. Nh5 Ng6 8. d3 Qe7 9. Bd2 Bd7 10. c3 Nce5 11. cxd4 Nxf3+ 12. Bxf3 cxd4 13. a3 a5 14. 0-0 Ne5 15. b4 Nc6 16. bxa5 g6 17. Ng3 Bg7 18. e5 Bxe5 19. Bxc6 Bxc6 20. Ne4 Bxe4 21. dxe4 0-0 22. f4 Bd6 23. Rf3 Rfc8 24. f5 Qh4 25. Rh3 Qxe4 26. fxg6 fxg6 27. Qb3 Qd5 28. Qd3 e5 29. Re1 Re8 30. Re4 Re7 31. Reh4 e4 32. Qc2 Qf7 33. Rxh7 Qxh7 34. Rxh7 Kxh7 35. Bb4 Bxb4 36. axb4 d3 37. Qc5 Rd7 38. Qe3 Rad8 39. Qh3+ Kg7 40. Qg3 d2 0-1

[Event "Valby K41 Spring-C"]
[Site "Valby"]
[Date "2009.05.05"]
[Round "6"]
[White "Christensen, Aage Niels"]
[Black "Krogh, Soren"]
[Result "1-0"]
[WhiteElo "1501"]
[BlackElo "1237"]
[PlyCount "41"]
[EventDate "2009.03.17"]
[EventType "swiss"]
[EventRounds "7"]
[EventCountry "DEN"]
[SourceTitle "EXT 2023"]
[Source "ChessBase"]
[SourceDate "2022.10.05"]
[SourceVersion "1"]
[SourceVersionDate "2022.10.05"]
[SourceQuality "1"]

1. e4 g6 2. d4 Bg7 3. f4 c6 4. Nf3 d5 5. e5 h5 6. Bd3 Nh6 7. Nh4 Bf5 8. Nxf5 Nxf5 9. c3 e6 10. 0-0 Nd7 11. Nd2 Qb6 12. Nf3 Bh6 13. b4 0-0-0 14. a4 a6 15. Bd2 Nb8 16. Qe2 Rd7 17. Rfb1 Re8 18. b5 cxb5 19. axb5 axb5 20. Bxb5 Nc6 21. Ra8+ 1-0

[Event "Valby K41 Spring-C"]
[Site "Valby"]
[Date "2009.03.31"]
[Round "3"]
[White "Knudsen, Martin Mosgaard"]
[Black "Christensen, Aage Niels"]
[Result "0-1"]
[WhiteElo "1200"]
[BlackElo "1501"]
[PlyCount "88"]
[EventDate "2009.03.17"]
[EventType "swiss"]
[EventRounds "7"]
[EventCountry "DEN"]
[SourceTitle "EXT 2023"]
[Source "ChessBase"]
[SourceDate "2022.10.05"]
[SourceVersion "1"]
[SourceVersionDate "2022.10.05"]
[SourceQuality "1"]

1. d4 Nf6 2. c4 g6 3. Nf3 Bg7 4. Nc3 d5 5. cxd5 Nxd5 6. e4 Nb6 7. Bg5 Bg4 8. Be2 Bxf3 9. Bxf3 Qxd4 10. Qxd4 Bxd4 11. Nb5 Be5 12. Bh6 Nc6 13. Rd1 a6 14. Nc3 Nd4 15. Bg4 Nc6 16. 0-0 e6 17. f4 Bxc3 18. bxc3 Rd8 19. f5 e5 20. f6 Nc4 21. Rxd8+ Nxd8 22. Rd1 Ne6 23. g3 Nd6 24. Bxe6 fxe6 25. Bg7 Rg8 26. Re1 Kf7 27. h4 Ne8 28. Rd1 Nxf6 29. Bxf6 Kxf6 30. Rd7 Rg7 31. Rxg7 Kxg7 32. g4 h6 33. Kf2 Kf6 34. Ke3 Ke7 35. Kd3 b5 36. a3 Kd6 37. Ke3 Kc5 38. Kd3 a5 39. h5 g5 40. a4 bxa4 41. c4 a3 42. Kc3 a2 43. Kb2 Kxc4 44. Kxa2 Kd4 0-1

[Event "Valby K41 Aabent-ch 0809"]
[Site "Valby"]
[Date "2009.03.03"]
[Round "9"]
[White "Christensen, Aage Niels"]
[Black "Sorensen, Hans Erik Them"]
[Result "1-0"]
[WhiteElo "1463"]
[BlackElo "1308"]
[PlyCount "23"]
[EventDate "2008.11.11"]
[EventType "swiss"]
[EventRounds "9"]
[EventCountry "DEN"]
[SourceTitle "EXT 2023"]
[Source "ChessBase"]
[SourceDate "2022.10.05"]
[SourceVersion "1"]
[SourceVersionDate "2022.10.05"]
[SourceQuality "1"]

1. e4 e5 2. f4 exf4 3. Nf3 g5 4. Bc4 d6 5. 0-0 Bg4 6. d4 Bg7 7. c3 Nd7 8. Qb3 Be6 9. Bxe6 fxe6 10. Qxe6+ Kf8 11. Qf5+ Qf6 12. Qxd7 1-0

[Event "Valby K41 Autumn-C"]
[Site "Valby"]
[Date "2008.10.07"]
[Round "5"]
[White "Kristensen, Steffen Michael"]
[Black "Christensen, Aage Niels"]
[Result "0-1"]
[WhiteElo "1256"]
[BlackElo "1422"]
[PlyCount "50"]
[EventDate "2008.09.09"]
[EventType "tourn"]
[EventRounds "7"]
[EventCountry "DEN"]
[SourceTitle "EXT 2023"]
[Source "ChessBase"]
[SourceDate "2022.10.05"]
[SourceVersion "1"]
[SourceVersionDate "2022.10.05"]
[SourceQuality "1"]

1. Nf3 d5 2. d4 Nf6 3. Bf4 Bg4 4. g3 Bxf3 5. exf3 e6 6. Nd2 Nbd7 7. c3 Be7 8. Qc2 0-0 9. Bd3 Rc8 10. Nb3 a6 11. 0-0 c5 12. dxc5 Nxc5 13. Nxc5 Rxc5 14. Be3 Rc6 15. Bd4 h6 16. Qe2 Re8 17. b4 Rc8 18. Bc2 Nh7 19. Qe5 Bf6 20. Qe3 Bxd4 21. Qd3 Nf8 22. cxd4 Rc4 23. a3 Qc7 24. Rac1 Rc8 25. Qd2 Rxc2 0-1

[Event "Valby K41 Autumn-B"]
[Site "Valby"]
[Date "2006.10.31"]
[Round "7"]
[White "Frederiksen, Alan"]
[Black "Christensen, Aage Niels"]
[Result "1/2-1/2"]
[WhiteElo "1611"]
[BlackElo "1525"]
[PlyCount "66"]
[EventDate "2006.09.12"]
[EventType "tourn"]
[EventRounds "7"]
[EventCountry "DEN"]
[SourceTitle "EXT 2023"]
[Source "ChessBase"]
[SourceDate "2022.10.05"]
[SourceVersion "1"]
[SourceVersionDate "2022.10.05"]
[SourceQuality "1"]

1. d4 Nf6 2. c4 g6 3. g3 d6 4. Bg2 Bg7 5. Nf3 0-0 6. 0-0 Re8 7. Nc3 Nbd7 8. h3 a6 9. Rb1 e5 10. e4 exd4 11. Nxd4 Nc5 12. Bg5 h6 13. Bxf6 Qxf6 14. Nde2 c6 15. b4 Ne6 16. f4 Nd4 17. Kh2 Be6 18. c5 Nxe2 19. Nxe2 dxc5 20. e5 Qe7 21. bxc5 Bxa2 22. Rb2 Rad8 23. Qc2 Bd5 24. Nc3 Bxg2 25. Kxg2 Qxc5 26. Rxb7 Rd4 27. Qb3 Qc4 28. Qxc4 Rxc4 29. Ne2 Rc2 30. Kf3 a5 31. Rd1 a4 32. Rdd7 a3 33. Rxf7 a2 1/2-1/2

[Event "Copenhagen K41 Aabent-ch 0506"]
[Site "Copenhagen"]
[Date "2006.01.31"]
[Round "7"]
[White "Christensen, Aage Niels"]
[Black "Christiansen, Erling"]
[Result "0-1"]
[WhiteElo "1567"]
[BlackElo "1816"]
[PlyCount "64"]
[EventDate "2005.11.15"]
[EventType "swiss"]
[EventRounds "9"]
[EventCountry "DEN"]
[SourceTitle "EXT 2023"]
[Source "ChessBase"]
[SourceDate "2022.10.05"]
[SourceVersion "1"]
[SourceVersionDate "2022.10.05"]
[SourceQuality "1"]

1. d4 f5 2. c4 Nf6 3. Nc3 e6 4. g3 d5 5. Bg2 c6 6. c5 b6 7. b4 Be7 8. Nf3 0-0 9. 0-0 Ne4 10. Nxe4 fxe4 11. Ne5 Bf6 12. Ng4 Nd7 13. Bf4 Bb7 14. Bh3 Qe8 15. Bd6 Be7 16. Bxe7 Qxe7 17. Bg2 e5 18. dxe5 bxc5 19. bxc5 Nxc5 20. Rb1 Ba6 21. Qc1 Bxe2 22. Qa3 Bxg4 23. Rbc1 Qxe5 24. Qxc5 Bd7 25. Rfd1 Rf7 26. Rd2 Be8 27. Rd4 Qf6 28. Rb4 Rd8 29. Rd1 d4 30. Bxe4 Qxf2+ 31. Kh1 Qe2 32. Qc2 Rf1+ 0-1